Normal view
MARC view
Entry Personal Name
001 - CONTROL NUMBER
- control field: 5946
003 - CONTROL NUMBER IDENTIFIER
- control field: BD-RjUL
005 - DATE AND TIME OF LATEST TRANSACTION
- control field: 20221121110245.0
008 - FIXED-LENGTH DATA ELEMENTS
- fixed length control field: 221121|| aca||aabn | a|a d
040 ## - CATALOGING SOURCE
- Original cataloging agency: BD-RjUL
- Transcribing agency: BD-RjUL
100 ## - HEADING--PERSONAL NAME
- Personal name: Rahman, M. Shamsur, Co-Supervisors
670 ## - SOURCE DATA FOUND
- Source citation: Work cat.: (BD-RjUL)80816: MRIDHA, MD. HELAL UDDIN 5943, STUDIES ON THE EFFECT OF WEEDING ON THE GROWTH AND YIELD OF WHEAT (Triticum aestivum L.) AND INTERCROPPING WITH GRAM (Cicer arietinum L.) :, 2012